| 000 | 00450cam a22001457a 4500 | ||
|---|---|---|---|
| 008 | 180718b1974 xxu||||| |||| 00| 0 eng d | ||
| 082 | _aT112x54 Sr34 | ||
| 100 | _aSrinivasan, T.N. | ||
| 245 |
_aPoverty and income distribution in India _cby T.N. Srinivasan and P.K. Bardhan |
||
| 260 |
_aCalcutta _bStatistical Pub. Society _c1974 |
||
| 300 | _a553p. | ||
| 650 | _aPoverty - India | ||
| 650 | _aIncome distribution - India | ||
| 700 | _aBardhan, P.K. | ||
| 999 |
_c339029 _d339029 |
||